| 000 | 00374 a2200133 4500 | ||
|---|---|---|---|
| 001 | 91504 | ||
| 082 | _aPR 1470 | ||
| 090 |
_c43645 _d43644 |
||
| 100 | _aAtif Rashid; Prof Nadeem Lehraseb (Advisor) | ||
| 245 |
_aTo Make an Open Interface System for Antenna Pattern Analyzer _n58 "B" EC |
||
| 260 |
_aRawalpindi _bNUST _c2003 |
||
| 300 | _a54p | ||
| 500 | _aBE Project Reports | ||
| 942 |
_aCAE NUST _kPR 1470 |
||
| 999 |
_c326577 _d326577 |
||